000 01431cam a2200337 i 4500
001 53742
003 Mx-PuUPA
005 20250721144525.0
008 140415s2015 mx ad g 001 0 spa d
020 _a9786070269967
_qrústica
020 _a9786070269875
_qcolección rústica
040 _aMx-PuUPA
_bspa
_cMx-PuUPA
_dMx-PuUPA
_erda
041 0 _aspa
100 1 _aGutiérrez, Natividad,
_d1959-
_917325
_eautor
245 1 0 _aSer indígena en México :
_braíces y derechos /
_cNatividad Gutiérrez Chong, Luz María Valdés González
246 1 3 _aSer indígena en México. Raíces y derechos :
_bEncuesta Nacional de Indígenas
250 _aPrimera edición /
_bagosto
264 1 _aMéxico, D.F. :
_bUniversidad Nacional Autónoma de México,
_c2015
300 _a274 páginas :
_bilustraciones, gráficas ;
_c23
336 _2rdacontent
_atexto
_btxt
337 _2rdamedia
_asin medio
_bn
338 _2rdacarrier
_avolumen
_bnc
490 0 _aLos mexicanos vistos por sí mismos. Los grandes temas nacionales ;
_v9
650 7 _2armarc
_aIndígenas de México
_xDerechos civiles
_ySiglo XXI
650 7 _2armarc
_aIndígenas de México
_xCondiciones sociales
_ySiglo XXI
700 1 _aValdés González, Luz María,
_eautor
942 _2ddc
_cLI
_h323.1168072
_iG83
999 _c53742
_d53742